000 005070000a22001690004500
020 _a978-0-8297-086-9
082 0 4 _aG 222.107 H6981p
100 1 _aHoff, Pablo
245 1 0 _aEl pentateuco / Pablo Hoff
260 _aEstados Unidos de América : Vida
300 _a272 p.
501 _aRústico
505 0 0 _aComentarios al Pentateuco
650 1 4 _aBIBLIA A.T. - PENTATEUCO \ BIBLIA - COMENTARIOS \ BIBLIA - CANON \ PENTATEUCO - CRITICA, INTERPRETACION, ETC \ PENTATEUCO
001 18371
942 _cBK
999 _c44817
_d44817